| 000 | 01254nam a22002777a 4500 | ||
|---|---|---|---|
| 005 | 20101206113148.0 | ||
| 008 | 101206t xxu||||| |||| 00| 0 hin d | ||
| 010 | _aHIN-93259 | ||
| 020 |
_c180.00 _a9789381067178 |
||
| 035 | _aHN-65605 | ||
| 037 | _bDBAD/PUB | ||
| 040 |
_aDPL _bHN |
||
| 082 | _a004.03 | ||
| 100 |
_924598 _aचक्रवर्ती, दीपक |
||
| 245 |
_aकम्प्यूटर शब्दावली / _cदीपक चक्रवर्ती |
||
| 246 |
_aComputer Sabdavali _bby Deepak Chakravarty |
||
| 260 |
_aदिल्ली _bआर्या पब्लिकेशन्स _c2011 |
||
| 270 |
_bदिल्ली _aए-20, गली न.4, हरदेव पुरी,100 फुटा रोड़,पंजाब नैशनल बैंक के सामने _e110093 _k011- 22813582 _maaryapub@yahoo.com |
||
| 300 |
_a144पृ. _c22सेमी (सजिल्द) |
||
| 650 | _91169 | ||
| 650 | _929580 | ||
| 700 | _924599 | ||
| 700 | _924924 | ||
| 942 |
_2ddc _cHN _mचक्रव _h004.03 |
||
| 999 |
_c54008 _d54008 |
||